Online katalóg knižníc regiónu Turca

Ryšavka Zuzka zachraňuje (Record no. 21877)

MARC details
000 -LEADER
fixed length control field 01771cam a2200469 4500
001 - CONTROL NUMBER
control field 21877
003 - CONTROL NUMBER IDENTIFIER
control field VRT
005 - DATE AND TIME OF LATEST TRANSACTION
control field 20260313141655.0
008 - FIXED-LENGTH DATA ELEMENTS--GENERAL INFORMATION
fixed length control field 231018s2023 xo af b 010 j slo
015 ## - NATIONAL BIBLIOGRAPHY NUMBER
National bibliography number SNBA2024/01
020 ## - INTERNATIONAL STANDARD BOOK NUMBER
International Standard Book Number 9788080905699
Qualifying information (viazané)
039 #9 - LEVEL OF BIBLIOGRAPHIC CONTROL AND CODING DETAIL [OBSOLETE]
Level of rules in bibliographic description 202401101518
Level of effort used to assign nonsubject heading access points msnk176
Level of effort used to assign subject headings 202310181111
Level of effort used to assign classification msnk90
040 ## - CATALOGING SOURCE
Original cataloging agency SNK
Language of cataloging slo
Transcribing agency SNK
Description conventions rda
041 1# - LANGUAGE CODE
Language code of text/sound track or separate title slo
Language code of original eng
044 ## - COUNTRY OF PUBLISHING/PRODUCING ENTITY CODE
MARC country code xo
ISO country code SK
072 #7 - SUBJECT CATEGORY CODE
Subject category code 821.111(73)
Subject category code subdivision Americká literatúra
Source konspekt
072 #7 - SUBJECT CATEGORY CODE
Subject category code 821-93
Subject category code subdivision Literatúra pre deti a mládež (beletria)
Source konspekt
080 ## - UNIVERSAL DECIMAL CLASSIFICATION NUMBER
Universal Decimal Classification number 821.111(73)-32
Edition identifier 2011
080 ## - UNIVERSAL DECIMAL CLASSIFICATION NUMBER
Universal Decimal Classification number 82-93-053.4/.5
Edition identifier 2011
100 1# - MAIN ENTRY--PERSONAL NAME
Personal name Faris, Stephanie
Relationship aut
240 10 - UNIFORM TITLE
Uniform title Piper Morgan to the Rescue
Language of a work Slovensky
245 10 - TITLE STATEMENT
Title Ryšavka Zuzka zachraňuje
Statement of responsibility, etc. napísala Stephanie Farisová ; ilustrovala Lucy Flemingová ; z anglického originálu Piper Morgan to the Rescue ... preložila Daniela Hrúziková
250 ## - EDITION STATEMENT
Edition statement Vydanie 1.
264 #1 - PRODUCTION, PUBLICATION, DISTRIBUTION, MANUFACTURE, AND COPYRIGHT NOTICE
Place of production, publication, distribution, manufacture Bratislava
Name of producer, publisher, distributor, manufacturer Grada Slovakia s.r.o.
Date of production, publication, distribution, manufacture, or copyright notice 2023
300 ## - PHYSICAL DESCRIPTION
Extent 103 strán
Other physical details čiernobiele ilustrácie, čiernobiele ilustrované listy
Dimensions 20 cm
336 ## - CONTENT TYPE
Content type term text
Content type code txt
Source rdacontent
336 ## - CONTENT TYPE
Content type term statický obraz
Content type code sti
Source rdacontent
337 ## - MEDIA TYPE
Media type term bez média
Media type code n
Source rdamedia
338 ## - CARRIER TYPE
Carrier type term zväzok
Carrier type code nc
Source rdacarrier
521 8# - TARGET AUDIENCE NOTE
Target audience note Pre deti od 6 rokov
655 #7 - INDEX TERM--GENRE/FORM
Genre/form data or focus term americké príbehy
Source of term SNKPH
655 #7 - INDEX TERM--GENRE/FORM
Genre/form data or focus term literatúra pre deti
Source of term SNKPH
655 #7 - INDEX TERM--GENRE/FORM
Genre/form data or focus term American stories
Source of term SNKPHeng
655 #7 - INDEX TERM--GENRE/FORM
Genre/form data or focus term Children's literature
Source of term SNKPHeng
700 1# - ADDED ENTRY--PERSONAL NAME
Personal name Fleming, Lucy
Relationship ill
700 1# - ADDED ENTRY--PERSONAL NAME
Personal name Hrúziková, Daniela
Relationship ill
787 08 - OTHER RELATIONSHIP ENTRY
Relationship information Zo série:
Title Ryšavka Zuzka
Related parts 1
942 ## - ADDED ENTRY ELEMENTS (KOHA)
Source of classification or shelving scheme Dewey Decimal Classification
Koha item type Krásna literatúra pre deti
Suppress in OPAC No
949 ## - LOCAL PROCESSING INFORMATION (OCLC)
6 17A1535858
a snkSC 203909
b snk2023/15024
o 1225/23
949 ## - LOCAL PROCESSING INFORMATION (OCLC)
6 17A1535859
a snkSC 203909 D1
b snk2023/15025
o 1225/23
Holdings
Stav vyradenia Strata Poškodenie Spôsob nadobudnutia Domovská knižnica Aktuálna knižnica Dátum nadobudnutia Total checkouts Čiarový kód exemplára Date last seen Date last checked out Typ exemplára
      Dar Obecná knižnica Horná Štubňa Obecná knižnica Horná Štubňa 13.03.2026 1 9788080905699 14.04.2026 20.03.2026 Krásna literatúra pre deti
Projekt je podporený Slovenskou asociáciou knižníc
Prevádzkuje Turčianska knižnica Martin 2026